00351nam a2200109Ia 4500008004100000082000800041100001900049245005600068942000600124952009600130999001500226240331s9999 xx 000 0 und d bFER aFernando, S. M 0aRituals, folk beliefs and magical arts of Sri Lanka cL 001040708LaWERCLbWERCLcSSCd2024-03-31l0o 398 FERp5736r2024-03-31w2024-03-31yL c1353d1353